BFDI Characters to First Quote (episode order) - Statistics

General Stats
  • This quiz has been taken 123 times
  • The average score is 27 of 75
Answer Stats
Hint Answer % Correct
"I'm a dictionary and you better believe it!" Book
76%
"I NAILED it!" Naily
76%
"My name is (name) and I need the island very badly because I feed on the islands. Islands are my only food, and as such I need as many islands as I can get! A lot of people refuse to sell me the islands because they know I'll gobble them up, and that's true, but what harm would that do them? We island eaters are tired of the discrimination we receive from society at large, and we would greatly appreciate it if just a ray of light shone on our people in the form of Dream Island." (NOTE this is a translation, this character can't speak normally) Dora
73%
"Yeah, who? I wanna know!" Puffball
73%
"(name), don't you think I look beautiful?" Flower
71%
"I don't have a favorite number, I really don't." 8-Ball
70%
"Tennis balls aren't the only ones with lines." Basketball
70%
"Please please please can I join the game please please?" Ruby
70%
"Oh no, (name), you lit my fuse!" Bomby
67%
"I hate you." Fanny
67%
"(name), (name), stop fighting! And (name), take a bath, you're stinky." Golf Ball
65%
"(name), get up! There's a life out there to enjoy, so enjoy it!" Leafy
63%
"Yeah, I know, she was so surprised." Match
63%
"Want skin that's smooth and soft? Then buy our Bubble Transformer! It'll turn you into a bubble, and (name)'s skin is super smooth! None of the people in our survey said they didn't like it! Because they popped before we could contact them, and we don't sell personal (name) Recovery Centers. So they died... Euhhh.. So yeah! Buy now!" Yellow Face
63%
"Watchers are wannabes." Clock
60%
"Oh my gosh, (name), you're so easy to slap." Coiny
60%
"Oh, it's not my fault. It's this stupid (name) here. It's his fault!" Pin
60%
"Don't you mean "Final 6"? Profily
60%
"(name), calm down. Kicking (name) could severely injure him. He IS balsa." Tennis Ball
59%
"Doy doy doy doy doy doy doy doy doy! Coik at Stoik!" TV
59%
"(name), you're so dumb! Hey!" Firey
56%
"I have a tattoo." Marker
56%
"Well, then you're in luck." Announcer
51%
"So who's the host going to be?" Gelatin
51%
"Hey! Our team's smaller than the other one!" Donut
49%
"Get away, I can't stand your cover." Fries
49%
"Stop talking, green ones! You're tickling me!" Bottle
48%
"I can't believe what a scaredy-cat (name) is. He's so uncool. (name), though, you're cool." Eraser
48%
"Uh, no?" Ice Cube
48%
"Oof! Whoa! (name), wake up! Snowball
46%
"Mm, I dunno, that sounds like a bad idea, for me to do that." Black Hole
44%
"Stoooooooooooop! Put her down, (name)." Loser
44%
"So what? That was almost two years ago! No one wears "Non-Slip Shoes so Ha" anymore." Purple Face
44%
"Vote for me, or I'll crush you!" Robot Flower
43%
"Eh, aEHHAEEIIIIH!" Woody
43%
"Oof! Fine, I'll get (name)." Blocky
41%
Really? Pencil
41%
"BFDI" (NOTE this is a translation, this character doesn't speak normally) Roboty
41%
"Wha? Hi (nickname)" Rocky
40%
"Of course you didn't." Lollipop
37%
"Yeah, too bad!" X
30%
"I'm not wide!" Cake
27%
"Then why don't we draw a region for the BFDIA contestants, and a region for the non-contestants?" Gaty
27%
"Sorry." Spongy
27%
"So're you (name)." Pen
24%
"Hi guys!" Two
24%
"Uh, um...yeah?" Bubble
22%
"Uh, (name), you know you won't be able to taste any of the islands through the metal walls, right?" Lightning
22%
"Stop that!" Puffball Speaker Box
22%
"(name)'s transparent." Eggy
21%
"Ba-ah-hoh! Ah-ah-hoh!" Balloony
19%
"Help!" Needle
19%
"Hey guys!" One
19%
"Yeah, that glitching (name) thing is gone, can't we go down now?" Bracelety
17%
"That was (name)'s stomach? She must be starving!" Saw
14%
"Wait, who asked that question?" Cloudy
13%
"Heh, nowhere near. But mine is!" Nickel
13%
"We gotta dodge it!" Bell
11%
"Hey, (name)." Foldy
11%
"Oh man, I'm starving! What's on the menu?" Taco
11%
"Grrrr!" Barf Bag
6%
"Yeah?" David
6%
"(name) wins the prize, and (name) has been eliminated!" Firey Jr.
6%
"YEEEERRG!!" Four
6%
"Glop glorp glorp glorp glorp-" Grassy
6%
"(name)!" Liy
6%
"Yeah! (name)'s definitely right!" Firey Speaker Box
5%
"Yeah!" Flower Speaker Box
5%
"Hello." Pie
5%
"OH MY GOSH!" Remote
5%
"Grrrr!" Tree
5%
"Hello." Pillow
3%
"Yeah!" Stapy
3%
"WOOT!" Winner
3%
"Yeah!" Price Tag
2%
No matching quizzes found
Score Distribution
Percent of People with Each Score
Percentile by Number Answered
Your Score History
You have not taken this quiz